15 Best MMO games of All Time - Statistics

General Stats
  • This quiz has been taken 26 times
  • The average score is 5 of 15
Answer Stats
Hints Answer % Correct
Vanilla, Artifact Power, Leroy Jenkins World of Warcraft
96%
Middle Earth, Deeds, Fellowship The Lord of the Rings Online
56%
Bosmer, Tamriel, Dark Brotherhood The Elder Scrolls Online
52%
Square Enix, Chocobos, Vana'diel Final Fantasy XI
48%
Twi'lek, Smuggler, Ships Star Wars: The Old Republic
48%
Level scaling, Tyria, sequel Guild Wars 2
40%
2001, Gielinor, Deadman Mode Runescape
36%
1999, Gates of Discord, Deities EverQuest
32%
Space, Massive battles, New Eden EVE Online
28%
Hydaelyn, Elezen, Heavensward Final Fantasy XIV
28%
D&D, Lich Queen Valindra, Oathbound Paladin Neverwinter
28%
Comic-Book based, Justice League or The Society, Metropolis DC Universe Online
20%
Comic-Book based, Shut down on 2012, Paragon City City of Heroes
16%
Console MMO, Hunter/Ranger/Force, Central Dome Phantasy Star Online
0%
The Eldan, Telegraphs combat system, Housing WildStar
0%
No matching quizzes found
Score Distribution
Percent of People with Each Score
Percentile by Number Answered
Your Score History
You have not taken this quiz